Statistics for Four Letter Singers

Click here to take the quiz!

General Stats

  • This quiz has been taken 218 times
  • The average score is 3 of 5

Answer Stats

HintAnswer% Correct
So WhatP!nk
77%
BelieveCher
61%
Kiss from a RoseSeal
56%
99 LuftballonsNena
43%
Too Little Too LateJoJo
36%

Score Distribution

Percentile by Number Answered

Percent of People with Each Score

Your Score History

You have not taken this quiz